Ideology of Pakistan / (Record no. 188388)
[ view plain ]
| 000 -LEADER | |
|---|---|
| fixed length control field | 00598 a2200169 4500 |
| 003 - CONTROL NUMBER IDENTIFIER | |
| control field | Nust |
| 005 - DATE AND TIME OF LATEST TRANSACTION | |
| control field | 20230406101855.0 |
| 040 ## - CATALOGING SOURCE | |
| Transcribing agency | Nust |
| 082 ## - DEWEY DECIMAL CLASSIFICATION NUMBER | |
| Classification number | 954.1,MUJ |
| 100 ## - MAIN ENTRY--PERSONAL NAME | |
| Personal name | Mujahid, Sharif |
| 9 (RLIN) | 105251 |
| 245 ## - TITLE STATEMENT | |
| Title | Ideology of Pakistan / |
| Statement of responsibility, etc. | Sharif al Mujahid |
| 260 ## - PUBLICATION, DISTRIBUTION, ETC. | |
| Name of publisher, distributor, etc. | Service Book Club |
| 300 ## - PHYSICAL DESCRIPTION | |
| Extent | 228 |
| 505 ## - FORMATTED CONTENTS NOTE | |
| Formatted contents note | The Need for an Ideology (Page-1), The Historical Base (Page-18), The Basis of Muslim Nationhood and of Pakistan (Page-49), Bangladesh : Ideological Disruption ? (Page-85), Ideology: The Basic Ingredients (Page-126). |
| 650 ## - SUBJECT ADDED ENTRY--TOPICAL TERM | |
| Topical term or geographic name entry element | Pakistan |
| 942 ## - ADDED ENTRY ELEMENTS (KOHA) | |
| Source of classification or shelving scheme | |
| Koha item type | Book |
| Call number prefix | 954.1,MUJ |
| Withdrawn status | Lost status | Source of classification or shelving scheme | Damaged status | Not for loan | Collection code | Permanent Location | Current Location | Date acquired | Total Checkouts | Full call number | Barcode | Date last seen | Price effective from | Koha item type | Shelving location | Public note |
|---|---|---|---|---|---|---|---|---|---|---|---|---|---|---|---|---|
| Military College of Signals (MCS) | Military College of Signals (MCS) | 12/12/2016 | 954.1 MUJ | MCS32298 | 12/08/2016 | 12/12/2016 | Book | |||||||||
| Military College of Signals (MCS) | Military College of Signals (MCS) | 12/12/2016 | 954.1,MUJ | MCS32299 | 12/08/2016 | 12/12/2016 | Book | General Stacks | Almirah No.75, Shelf No.7 |
